000 00315nam a22001337a 4500
008 171207b xxu||||| |||| 00| 0 eng d
020 _a9780199374229
041 _aeng
080 _a32
100 _a20
101 _aPOL
245 _aAMERICAN GONVERNMENT MYTHS AND REALITIES
_cGITELSON.A.R
942 _2udc
_cBK
999 _c38799
_d38799